000 00646nam a2200205Ii 4500
003 JO-AjNU
008 230605s9999||||xx |||||||||||||| ||und||
040 _aJO-AjNU
_bara
_erda
_cJO-AjNU
041 _aara
050 1 4 _aPJ7580.N37 1998
100 3 _aناصيف،إميل,
_eauthor
_911122
245 0 0 _aأروع ما قيل من الحكايات، الجزء الأول
250 _aط1
264 3 1 _aبيروت:دار الجيل،1998
300 _aج1، 168ص
336 _atext
_btxt
_2rdacontent
337 _aunmediated
_bn
_2rdamedia
338 _avolume
_bnc
_2rdacarrier
650 4 _a القصص العربية القصيرة
_911123
999 _aA2160
_c5728
_d5728